| 000 | 00989nac a22003017a 4500 | ||
|---|---|---|---|
| 001 | BR0301305 | ||
| 003 | BR-BrBNA | ||
| 005 | 20240105122756.0 | ||
| 008 | 230509b bl.|||m| |||| 00| 0 por d | ||
| 040 |
_aBR-BrBNA _bpor _cBiblioteca Nacional de Agricultura |
||
| 072 | _aM12 | ||
| 090 | _a8105 BR0301305 | ||
| 100 | 1 | _aResende, E.K. de | |
| 100 | 1 | _aSantos, D.C. dos | |
| 110 | 1 |
_aEMBRAPA Pantanal, Corumbá, MS (Brasil) _93692 |
|
| 245 | 1 | _aDiagnóstico da pesca e aspectos da biologia reprodutiva dos peixes da bacia hidrográfica do rio Taquari, Mato Grosso do Sul, Brasil | |
| 260 | 3 |
_aCorumbá, MS (Brasil): _c2002. |
|
| 300 | _a22 p. | ||
| 490 |
_aDocumentos - EMBRAPA Pantanal (Brazil) _vno. 25 _xISSN 1517-1973 |
||
| 500 | _a7 tables | ||
| 650 | _aPEIXE DE ÁGUA DOCE | ||
| 650 | _aPESCA | ||
| 650 | _aPRODUÇÃO PESQUEIRA | ||
| 650 | _aREPRODUÇÃO | ||
| 650 | _aMATO GROSSO DO SUL | ||
| 909 |
_a202312 _bLúcia Elande _c55 _dLúcia Elande |
||
| 942 |
_2AGRIS _n0 _cMS |
||
| 999 |
_c292762 _d292762 |
||